[Event "Santa Barbara op"]
[Site "Santa Barbara"]
[Date "2023.02.18"]
[Round "4"]
[White "Mendez Orozco, Fernando A"]
[Black "Chaves Solera, Milton"]
[Result "0-1"]
[WhiteElo "1402"]
[BlackElo "1504"]
[PlyCount "94"]
[EventDate "2023.01.28"]
[EventType "swiss"]
[EventRounds "6"]
[EventCountry "CRI"]
[SourceTitle "CBM 213 Extra"]
[Source "ChessBase"]
[SourceDate "2023.05.31"]
[SourceVersion "1"]
[SourceVersionDate "2023.05.31"]
[SourceQuality "1"]

1. e4 c5 2. Nf3 g6 3. d3 Bg7 4. Nc3 d6 5. Qd2 Nc6 6. h3 Nf6 7. a3 a6 8. Qe2 Bd7 9. g4 Qa5 10. Qd2 b5 11. Nd5 b4 12. Rb1 Nxd5 13. exd5 Nd4 14. Nxd4 Bxd4 15. b3 Bc3 16. axb4 Bxd2+ 17. Bxd2 cxb4 18. Bg2 Rc8 19. Rc1 0-0 20. 0-0 Rc7 21. f4 Rfc8 22. Be3 Rxc2 23. Ra1 Ra2 24. Bd4 Rcc2 25. Rxa2 Qxa2 26. Rf2 Rxf2 27. Bxf2 Qxb3 28. Be4 Bb5 29. Bg2 Qb1+ 30. Kh2 Bxd3 31. h4 Be4 32. h5 Bxg2 33. Kxg2 Qe4+ 34. Kg3 b3 35. hxg6 hxg6 36. f5 b2 37. fxg6 fxg6 38. Bb6 b1Q 39. g5 Qg1+ 40. Bxg1 a5 41. Bb6 a4 42. Ba5 a3 43. Bc3 Qd3+ 44. Kf4 Qxc3 45. Ke4 a2 46. Kf4 a1Q 47. Kg4 Qa4# 0-1

[Event "Santa Barbara op"]
[Site "Santa Barbara"]
[Date "2023.01.28"]
[Round "1"]
[White "Mendez Orozco, Fernando A"]
[Black "Campos Cerdas, Jorge"]
[Result "0-1"]
[WhiteElo "1402"]
[BlackElo "1735"]
[PlyCount "104"]
[EventDate "2023.01.28"]
[EventType "swiss"]
[EventRounds "6"]
[EventCountry "CRI"]
[SourceTitle "CBM 213 Extra"]
[Source "ChessBase"]
[SourceDate "2023.05.31"]
[SourceVersion "1"]
[SourceVersionDate "2023.05.31"]
[SourceQuality "1"]

1. d4 Nf6 2. h3 d6 3. Nc3 g6 4. Nf3 Bg7 5. Bg5 h6 6. Bd2 b6 7. e4 Bb7 8. d5 Nbd7 9. Bb5 a6 10. Bc6 Bxc6 11. dxc6 Nb8 12. Nd4 e5 13. Nb3 Nxc6 14. a3 Qd7 15. g4 Nd4 16. f4 Nxb3 17. cxb3 exf4 18. Bxf4 g5 19. Bg3 0-0 20. Qe2 Qe6 21. Qc4 Qxc4 22. bxc4 Rfe8 23. 0-0-0 Nxe4 24. Nxe4 Rxe4 25. b3 Rae8 26. Rhe1 Re3 27. Kc2 Rxe1 28. Rxe1 Rxe1 29. Bxe1 Be5 30. Kd3 Kg7 31. Ke4 Kf6 32. a4 Ke6 33. h4 a5 34. hxg5 hxg5 35. Bd2 Bf6 36. b4 axb4 37. Bxb4 c6 38. a5 bxa5 39. Bxa5 d5+ 40. cxd5+ cxd5+ 41. Kf3 Be7 42. Bc3 f5 43. Bb2 f4 44. Bd4 Bf6 45. Bc5 Kd7 46. Bf2 Kc6 47. Ba7 Kb5 48. Bf2 Kc4 49. Bb6 Kd3 50. Bf2 d4 51. Bg1 Kc2 52. Bf2 d3 0-1